000 01048nam a2200337 i 4500
003 EG-GICUC
005 20260424095201.0
008 260424s1950 fr |||fr|||| 00| 0 fre d
040 _aEG-GiCUC
_bfre
_cEG-GiCUC
_dEG-GiCUC
_eRda
041 _afre
082 0 4 _221
_a343.3
_bMA . M
092 0 4 _221
099 _aLaw1 10 343.3 MA . M 1950
100 1 _aMarquiset, Jean
_eAuteur
245 1 0 _aManuel Pratique De L'instruction /
_cPar Jean Marquiset, Préface De M. Rousselet.
264 1 _aParis :
_bSirey,
_c1950.
264 3 _aFrance :
_bToulouse,
_bF. Boisseau
300 _a280 pages ;
_c24 cm.
336 _2rda contenu
_a texte
337 _2rda medias
_aOrdinateur
338 _2 transporteur rda
_a Ressource en ligne
500 _aIndex
546 _aTexte en français
650 1 _aDroit pénal
_2qrmak
650 1 _aDroit de procédure pénale
_2qrmak
650 1 _aEnquête primaire
_2qrmak
651 1 _2qrmak
856 4 0 _uhttps://fll.law.cu.edu.eg/fulltext/bks/B10-10307.pdf
905 _a54
942 _2ddc
_n0
_cBK
_e21
999 _c73267
_d73267